| 000 | 00591nam a2200157Ia 4500 | ||
|---|---|---|---|
| 008 | 220217s9999 xx 000 0 und d | ||
| 245 | 0 | _aTesting of rubber and elastomers. Quantitative determination of polymers: Determination of polyepichlorhydrin content and epichlorhydrin- ethylene oxide co polymer content | |
| 260 | _c1976 | ||
| 500 | _aStandard number: DIN 53 621 Part 6 | ||
| 650 | _aElastomers | ||
| 650 | _aEpichlorhydrin- ethylene oxide co polymer content | ||
| 650 | _aPolyepichlorhydrin content | ||
| 650 | _aPolymers | ||
| 650 | _aQuantitative determination | ||
| 942 | _cST | ||
| 999 |
_c73379 _d73379 |
||